[Event "FICGS class E 000137 email"]
[Site "FICGS email"]
[Date "2011.04.12"]
[Round "1"]
[White "Stoyanov, Zdravko"]
[Black "Dups, Vincent"]
[Result "1-0"]
[WhiteElo "1211"]
[BlackElo "1221"]
[PlyCount "29"]
[EventDate "2011.??.??"]
[EventType "tourn (corr)"]
[EventRounds "5"]
[SourceTitle "Corr 2013"]
[Source "ChessBase"]
[SourceDate "2012.11.12"]
[SourceVersion "1"]
[SourceVersionDate "2012.11.12"]
[SourceQuality "1"]

1. e4 e5 2. Nf3 Nc6 3. Bb5 a6 4. Bxc6 dxc6 5. h3 Be6 6. d3 Bc5 7. 0-0 Qd6 8. c3 0-0-0 9. b4 Bb6 10. Na3 Nf6 11. Bg5 h6 12. Bxf6 gxf6 13. Nh4 Qxd3 14. Qf3 Qxf3 15. Nxf3 1-0

[Event "FICGS rapid E 000052 email"]
[Site "FICGS email"]
[Date "2011.04.04"]
[Round "1"]
[White "Dups, Vincent"]
[Black "Stoyanov, Zdravko"]
[Result "0-1"]
[WhiteElo "1221"]
[BlackElo "1211"]
[PlyCount "34"]
[EventDate "2011.??.??"]
[EventType "tourn (rapid)"]
[EventRounds "6"]
[SourceTitle "Corr 2013"]
[Source "ChessBase"]
[SourceDate "2012.11.12"]
[SourceVersion "1"]
[SourceVersionDate "2012.11.12"]
[SourceQuality "1"]

1. e4 c5 2. Nf3 a6 3. c4 Nc6 4. d3 e5 5. Nc3 h6 6. Be3 d6 7. Nd5 Be7 8. Be2 Nf6 9. 0-0 Nxd5 10. cxd5 Na7 11. Rc1 0-0 12. b4 cxb4 13. Qb3 a5 14. g3 Nb5 15. d4 Nc3 16. Rc2 Nxe2+ 17. Rxe2 Bg4 0-1

[Event "FICGS rapid E 000052 email"]
[Site "FICGS email"]
[Date "2011.04.04"]
[Round "1"]
[White "Dups, Vincent"]
[Black "Yloenen, Olli"]
[Result "0-1"]
[WhiteElo "1221"]
[BlackElo "1285"]
[PlyCount "24"]
[EventDate "2011.??.??"]
[EventType "tourn (rapid)"]
[EventRounds "6"]
[SourceTitle "Corr 2013"]
[Source "ChessBase"]
[SourceDate "2012.11.12"]
[SourceVersion "1"]
[SourceVersionDate "2012.11.12"]
[SourceQuality "1"]

1. e4 c6 2. d4 d5 3. Nc3 dxe4 4. Nxe4 Bf5 5. f3 e6 6. Be2 Bxe4 7. fxe4 c5 8. Nf3 cxd4 9. Nxd4 Bc5 10. Be3 Qb6 11. b3 Nc6 12. Nxc6 Bxe3 0-1

[Event "FICGS rapid E 000052 email"]
[Site "FICGS email"]
[Date "2011.04.04"]
[Round "1"]
[White "Zaunerciks, Ilmars"]
[Black "Dups, Vincent"]
[Result "1-0"]
[WhiteElo "1185"]
[BlackElo "1221"]
[PlyCount "31"]
[EventDate "2011.??.??"]
[EventType "tourn (rapid)"]
[EventRounds "6"]
[SourceTitle "Corr 2013"]
[Source "ChessBase"]
[SourceDate "2012.11.12"]
[SourceVersion "1"]
[SourceVersionDate "2012.11.12"]
[SourceQuality "1"]

1. e4 e5 2. Nf3 Nc6 3. Bb5 Nge7 4. 0-0 Nd4 5. Nxd4 exd4 6. c3 Nc6 7. Bxc6 dxc6 8. cxd4 Qxd4 9. d3 Be6 10. Qe2 0-0-0 11. Rd1 Bc4 12. Be3 Bxd3 13. Qd2 Qxe4 14. Nc3 Bb4 15. Nxe4 Bxd2 16. Nxd2 1-0